|
|
|
|
| LEADER |
00000nam a2200000 i 4500 |
| 001 |
IT\ICCU\VEA\0102185 |
| 003 |
ItRI |
| 005 |
20260115231919.0 |
| 008 |
980608s1998 it |||||| ||||| |||||c |
| 015 |
|
|
|2 IT
|a 98-10625
|
| 020 |
|
|
|a 8871802152
|
| 040 |
|
|
|b ita
|c importazione bologna sebina
|
| 041 |
|
7 |
|a ita
|2 ISO-639-2
|
| 082 |
|
|
|a 791.4375
|9 DESCRIZIONE, VALUTAZIONE CRITICA SCENEGGIATURA DI DUE O PIU FILM.
|2 20
|
| 245 |
0 |
0 |
|a Ombre che camminano :
|b Shakespeare nel cinema /
|c a cura di Emanuela Martini.
|
| 260 |
|
|
|a Torino :
|b Lindau,
|c \1998!
|
| 300 |
|
|
|a 350 p., \16! c. di tav. :
|b ill. ;
|c 23 cm
|
| 500 |
|
|
|a Nell'occhietto: Bergamo film meeting '98, sedicesima Mostra internazionale del cinema d'essai; Presidenza del Consiglio dei ministri, Dipartimento dello spettacolo; Regione Lombardia; Comune di Bergamo; Provincia di Bergamo; Commissione europea; The British council
|
| 500 |
|
|
|a Pubbl. in occasione di una retrospettiva tenuta a Bergamo nel 1998.
|
| 500 |
|
|
|a Segue: Appendici
|
| 650 |
|
7 |
|a Shakespeare, William
|x Opere
|x Riduzioni cinematografiche
|
| 700 |
1 |
|
|a Martini, Emanuela
|0 IT\ICCU\CFIV\097806
|
| 711 |
2 |
|
|a Bergamo film meeting
|n (16. :
|d 1998)
|0 IT\ICCU\CFIV\167596
|
| 830 |
|
0 |
|a Saggi ;
|v 1
|0 IT\ICCU\FER\0166005
|
| 942 |
|
|
|2 ddc
|c BK
|n 0
|
| 952 |
|
|
|0 0
|1 0
|4 0
|6 DOC_791_437000000000000_MAR
|7 0
|9 16350
|a BO
|b BO
|d 2026-01-15
|i 15548
|l 0
|o DOC 791.437 MAR
|p BO15548
|r 2026-01-15 23:19:19
|w 2026-01-15
|x [Sebina 7] [1 v.]
|y BK
|z 1 v.
|
| 999 |
|
|
|c 14030
|d 14030
|